[Event "Independence Cup A"]
[Site "Kiev UKR"]
[Date "2005.08.13"]
[Round "2"]
[White "Kruglyakov,P"]
[Black "Chistiakov,An"]
[Result "1-0"]
[WhiteElo "2242"]
[BlackElo "1904"]

1.d4 d5 2.c4 e6 3.Nc3 c6 4.Nf3 Nf6 5.e3 dxc4 6.Bxc4 b5 7.Bd3 Bb4 8.O-O O-O
9.e4 Bb7 10.Bg5 Be7 11.Qe2 a6 12.e5 Nd5 13.Qe4 g6 14.Qh4 f6 15.exf6 Bxf6
16.Ne4 Bxg5 17.Nexg5 Qe7 18.Rfe1 Bc8 19.Nxe6 Qxh4 20.Nxh4 Rf6 21.Nc5 Kf7
22.Be4 Ra7 23.Nf3 h6 24.a4 Nb4 25.Nd3 Nxd3 26.Bxd3 Rc7 27.axb5 cxb5 28.Rac1 Rxc1
29.Rxc1 Bf5 30.Ne5+ Ke7 31.Bxf5 gxf5 32.Rc8 Nd7 33.Rc7 Rd6 34.Kf1 Kd8 35.Rxd7+ Rxd7
36.Nxd7 Kxd7 37.b4 Ke6 38.Ke2 f4 39.g4 Kf6 40.h4 Ke6 41.f3 Kf6 42.Kd3 Kg6
43.Ke4  1-0

[Event "HZ Open"]
[Site "Vlissingen NED"]
[Date "2005.08.13"]
[Round "8"]
[White "Henrichs,T"]
[Black "Tan,Mat"]
[Result "1-0"]
[WhiteElo "2413"]
[BlackElo "2298"]

1.d4 d5 2.c4 c6 3.Nf3 Nf6 4.Nc3 e6 5.e3 Nbd7 6.Qc2 Be7 7.Bd3 dxc4 8.Bxc4 b5
9.Be2 Bb7 10.O-O O-O 11.a3 a6 12.b4 a5 13.Rb1 axb4 14.axb4 Nd5 15.Nxd5 exd5
16.Bd3 Nf6 17.Ne5 Qb6 18.g4 Bd6 19.f4 Rad8 20.g5 Ne4 21.Bxe4 dxe4 22.Ng4 f5
23.gxf6 gxf6 24.Bb2 f5 25.Nh6+ Kg7 26.Qg2+ Kf6 27.d5+ Ke7 28.Bd4 Qc7 29.Nxf5+ Rxf5
30.Qxe4+  1-0

[Event "LAT-LIT Match"]
[Site "Liepaja LAT"]
[Date "2005.08.14"]
[Round "1"]
[White "Lomonosovas,L"]
[Black "Sveshnikov,V"]
[Result "0-1"]
[WhiteElo "2170"]
[BlackElo "2194"]

1.d4 d5 2.Nf3 Nf6 3.c4 e6 4.Nc3 c6 5.e3 Nbd7 6.Qc2 Bd6 7.Be2 O-O 8.O-O dxc4
9.Bxc4 b5 10.Bd3 Bb7 11.e4 e5 12.Rd1 Qc7 13.h3 a6 14.Be3 c5 15.d5 c4 16.Bf1 Nc5
17.Nd2 Bc8 18.Ne2 Kh8 19.Ng3 g6 20.b3 cxb3 21.axb3 Bd7 22.Rdc1 Rfc8 23.Qb2 Qb8
24.Kh1 Be8 25.Bg5 Ng8 26.Rc2 f6 27.Be3 Nd7 28.Rac1 Rxc2 29.Qxc2 Ne7 30.Bd3 Qb7
31.Qa2 Kg7 32.h4 Rc8 33.Ra1 Nb8 34.h5 Bd7 35.Qb2 Kf7 36.Nf3 Qc7 37.Bd2 Qb6
38.Rf1 b4 39.Ne1 g5 40.Nc2 Bb5 41.Bxb5 Qxb5 42.Ne3 Nd7 43.Qb1 Bc5 44.Nc4 Nb6
45.Ne3 a5 46.Ng4 a4 47.bxa4 Qxa4 48.Qd3 Qa3 49.Qe2 Bd4 50.Be3 Nc4 51.Qf3 Qa6
52.Bxg5 Rf8 53.Bc1 Ke8 54.Rd1 Qb6 55.Qb3 Nd6 56.Be3 Bxe3 57.Nxe3 Kd7 58.Rb1 Rb8
59.Ng4 Ng8 60.Rc1 Rc8  0-1

[Event "LAT-LIT Match"]
[Site "Liepaja LAT"]
[Date "2005.08.14"]
[Round "1"]
[White "Sakalauskas,V"]
[Black "Sveshnikov,E"]
[Result "1/2-1/2"]
[WhiteElo "2473"]
[BlackElo "2507"]

1.d4 d5 2.c4 e6 3.Nf3 Nf6 4.Nc3 c6 5.e3 Nbd7 6.Qc2 Bd6 7.Bd3 O-O 8.O-O dxc4
9.Bxc4 b5 10.Be2 Bb7 11.Rd1 Qc7 12.e4 e5 13.Bg5 Rfe8 14.dxe5 Bxe5 15.Nxe5 Qxe5
16.Be3 b4 17.Na4 Qxe4 18.Bd3 Qh4 19.Bf5 Ne5 20.Rd4 Neg4 21.Bf4 Nxh2 22.Qd1 Nhg4
23.Bg3 Qg5 24.Bxg4 c5 25.Bh4 Qxh4 26.Nxc5 Bxg2 27.Kxg2 Qg5 28.Qc1 Qg6 29.Qb1 Qg5
30.Qc1 Qg6 31.Qb1 Qg5 32.Qc1  1/2-1/2

[Event "FSGM August"]
[Site "Budapest HUN"]
[Date "2005.08.15"]
[Round "10"]
[White "Berczes,D"]
[Black "Erdos,V"]
[Result "1/2-1/2"]
[WhiteElo "2495"]
[BlackElo "2499"]

1.d4 d5 2.c4 e6 3.Nc3 c6 4.e3 Nf6 5.Nf3 Nbd7 6.Qc2 b6 7.Be2 Bb7 8.O-O Be7
9.Rd1 O-O 10.e4 dxe4 11.Nxe4 Qc7 12.Nxf6+ Nxf6 13.c5 a5 14.Bg5 bxc5 15.dxc5 Ba6
16.Bxa6 Rxa6 17.Qc4 Ra7 18.Bf4 Qb7 19.Bd6 Nd5 20.Bxe7 Qxe7 21.Nd4 Rc8 22.Rac1 g6
23.b3 Qb7 24.a3 Rd8 25.Rb1 Raa8 26.Qc2 Rab8 27.Nf3 Re8 28.Ne5 Qc7 29.Nc4 e5
30.Qd2 Ra8 31.b4 axb4  1/2-1/2

[Event "FSIMA August"]
[Site "Budapest HUN"]
[Date "2005.08.16"]
[Round "11"]
[White "Petran,Pa"]
[Black "Hoang Thi Bao Tram"]
[Result "1/2-1/2"]
[WhiteElo "2416"]
[BlackElo "2267"]

1.d4 d5 2.c4 c6 3.Nf3 Nf6 4.e3 e6 5.Nc3 Nbd7 6.Bd3 b6 7.O-O Bb7 8.Qe2 Bd6
9.e4 dxe4 10.Nxe4 Nxe4 11.Bxe4 h6 12.Bd2 O-O 13.Bc3 Qc7 14.Rad1 f5 15.Bc2 Rae8
16.Ne5 Nxe5 17.dxe5 Be7 18.Qh5 Bd8 19.g4 Bg5 20.gxf5 exf5 21.f4 Be7 22.Qg6 Bc5+
23.Kg2 Qf7 24.Qxf7+ Rxf7 25.b4 Bf8 26.c5 Bc8 27.Bb3 Be6 28.Bxe6 Rxe6 29.Rd8 bxc5
30.bxc5 Rb7 31.Rfd1 Kf7 32.R1d7+ Rxd7 33.Rxd7+ Re7 34.Rd8 Re8 35.Rd7+ Re7
36.Rd8 Re8 37.Rd7+ Ke6 38.Rxa7 Bxc5 39.Rxg7 Ra8 40.Be1 Rxa2+ 41.Kf3 Rxh2
42.Rg6+ Kd5 43.Bg3 Rh1 44.Kg2 Rg1+ 45.Kf3 h5 46.Rg5 Rf1+ 47.Kg2 Rg1+ 48.Kf3 h4
49.Bxh4 Rf1+ 50.Kg2 Rxf4 51.Bg3 Rd4 52.Rxf5  1/2-1/2

[Event "Ada Open"]
[Site "Belgrade SCG"]
[Date "2005.08.17"]
[Round "3"]
[White "Skare,G"]
[Black "Mirkovic,St"]
[Result "1/2-1/2"]
[WhiteElo "2318"]
[BlackElo "2114"]

1.d4 Nf6 2.c4 e6 3.Nf3 d5 4.Nc3 c6 5.e3 Nbd7 6.Qc2 a6 7.a3 b5 8.b3 bxc4 9.bxc4 c5
10.cxd5 exd5 11.Nxd5 Nxd5 12.Qe4+ Be7 13.Qxd5 Rb8 14.dxc5 Nxc5 15.Qxd8+ Bxd8
16.Bc4 Bf6 17.Ra2 Be6 18.Bxe6 Nxe6 19.O-O O-O 20.Bd2 Rfc8 21.g3 Rb5 22.Kg2 h6
23.Rc1 Rxc1 24.Bxc1 Rc5 25.Bd2 a5 26.Ne1 Bc3 27.Bxc3 Rxc3 28.Nc2 a4 29.Kf1 Nc5
30.Ke1 Nb3 31.Rb2 Na1 32.Kd2  1/2-1/2

[Event "15th ch-SLO"]
[Site "Ptuj SLO"]
[Date "2005.08.17"]
[Round "7"]
[White "Lenic,L"]
[Black "Gjuran,D"]
[Result "1-0"]
[WhiteElo "2463"]
[BlackElo "2340"]

1.d4 d5 2.c4 c6 3.Nf3 Nf6 4.e3 e6 5.Nc3 Nbd7 6.Qc2 Bd6 7.b3 O-O 8.Bb2 Re8
9.Be2 b6 10.O-O Bb7 11.Rfd1 Qe7 12.Rac1 Rac8 13.Qb1 h6 14.Rc2 Rcd8 15.Rcd2 Bb4
16.Rc2 Bd6 17.Qa1 Bb8 18.a3 a6 19.Qb1 Bd6 20.b4 dxc4 21.e4 e5 22.Bxc4 g6
23.Re2 Nh5 24.Red2 exd4 25.Rxd4 Ne5 26.Nxe5 Bxe5 27.Rxd8 Rxd8 28.g3 Bc8 29.Rxd8+ Qxd8
30.Qd3 Qxd3 31.Bxd3 Nf6 32.Na4 Bxb2 33.Nxb2 Nd7 34.Nc4 c5 35.Nd6 Ne5 36.Be2 Bd7
37.Bxa6 cxb4 38.axb4 Kf8 39.Nc4 Nxc4 40.Bxc4 Ke7 41.f4 f6 42.Kf2 Kd6 43.Ke3 g5
44.Kd4 Ke7 45.e5 f5 46.Bd5 g4 47.e6 Bxe6 48.Ke5 Bd7 49.Bc4  1-0

[Event "ch-AUT Qualifier"]
[Site "Gmunden AUT"]
[Date "2005.08.18"]
[Round "6"]
[White "Stadler,P"]
[Black "Koffler,D"]
[Result "1-0"]
[WhiteElo "2200"]
[BlackElo "2106"]

1.Nf3 d5 2.d4 Nf6 3.c4 c6 4.Nc3 e6 5.e3 Nbd7 6.Bd3 dxc4 7.Bxc4 b5 8.Bd3 Bb7
9.O-O a6 10.e4 c5 11.d5 Qc7 12.dxe6 fxe6 13.Ng5 e5 14.Ne6 Qb6 15.Nd5 Nxd5
16.exd5 Nf6 17.Bg5 Bxd5 18.Bxf6 Bxe6 19.Qh5+ Kd7 20.Bf5 gxf6 21.Qf7+ Kc8
22.Bxe6+ Kb8 23.Qxf6 Rg8 24.Rad1 Qc6 25.Qd8+ Kb7 26.Rd7+  1-0

[Event "Masters"]
[Site "Abu Dhabi UAE"]
[Date "2005.08.19"]
[Round "5"]
[White "Dobrov,V"]
[Black "Paridar,S"]
[Result "1-0"]
[WhiteElo "2535"]
[BlackElo "2263"]

1.d4 d5 2.c4 e6 3.Nc3 c6 4.e3 Nf6 5.Nf3 Nbd7 6.Qc2 Bd6 7.g4 Bb4 8.Bd2 Qe7
9.Bd3 Bxc3 10.Bxc3 dxc4 11.Bxc4 b5 12.Be2 Bb7 13.g5 Nd5 14.Bd2 a5 15.a3 e5
16.dxe5 Nxe5 17.Nxe5 Qxe5 18.O-O-O b4 19.f4 Qe7 20.e4 O-O 21.Bd3 Nb6 22.Be3 bxa3
23.Kb1 Nd7 24.Qb3 Rfb8 25.Qxa3 c5 26.Rhe1 Bxe4 27.Bc1 Rb4 28.Bxe4 Rxe4 29.Rxd7 Rxe1
30.Rxe7 Rxe7 31.Qxc5 Rb7 32.Bd2  1-0

[Event "39th Open"]
[Site "Mislata ESP"]
[Date "2005.08.19"]
[Round "2"]
[White "Garcia Roman,D"]
[Black "Cabrera Crespo,M"]
[Result "1-0"]
[WhiteElo "2390"]
[BlackElo "2087"]

1.d4 d5 2.c4 c6 3.Nf3 Nf6 4.Nc3 e6 5.e3 Nbd7 6.Qc2 Be7 7.Bd3 a6 8.a4 h6 9.O-O O-O
10.b3 b6 11.e4 dxe4 12.Nxe4 Bb7 13.Rd1 Qc7 14.Qe2 Rfe8 15.Bb2 Rad8 16.c5 Nxe4
17.Qxe4 Nf6 18.Qe2 b5 19.Re1 Bc8 20.Ne5 Nd5 21.Qe4 f5 22.Qf3 Bf6 23.Rad1 Bxe5
24.Rxe5 Qf7 25.Rde1 Bd7 26.Bc1 Rf8 27.Bd2 Rb8 28.axb5 cxb5 29.Bxf5 Nc7 30.Be4 b4
31.Qxf7+ Rxf7 32.Ra1 Bc8 33.c6 Rf8 34.Rc5 Rd8 35.Bf4 Nb5 36.Bxb8 Nxd4 37.Bc2 h5
38.Rd1 Ne2+ 39.Kf1 Rf8 40.Bg3  1-0

[Event "41st Rubinstein Mem Open A"]
[Site "Polanica Zdroj POL"]
[Date "2005.08.19"]
[Round "1"]
[White "Dziuba,M"]
[Black "Litwin,J"]
[Result "1-0"]
[WhiteElo "2460"]
[BlackElo "2221"]

1.d4 d5 2.c4 c6 3.Nc3 Nf6 4.e3 e6 5.Nf3 Nbd7 6.Qc2 Bd6 7.g4 Bb4 8.Bd2 dxc4
9.Bxc4 b5 10.Bd3 Qe7 11.g5 Bxc3 12.Qxc3 Nd5 13.Qxc6 Rb8 14.e4 Nb4 15.Bxb4 Qxb4+
16.Qc3 Qe7 17.O-O-O O-O 18.Kb1 Bb7 19.Rhe1 f5 20.d5 Nc5 21.exf5 Bxd5 22.Nd4 b4
23.Qd2 Qd7 24.fxe6 Bxa2+ 25.Kxa2 Qa4+ 26.Kb1 b3 27.Qe2 Qa2+ 28.Kc1 Nxd3+
29.Rxd3 Rbc8+ 30.Kd2 Qa5+ 31.Rc3 Rfd8 32.Qd3 Qxg5+ 33.Re3 Rxc3 34.bxc3 Qa5
35.e7 Qa2+ 36.Ke1 Re8 37.Qc4+ Kh8 38.Qxb3 Qa1+ 39.Ke2 Qa6+ 40.Qb5 Qa2+ 41.Kf3 Qf7+
42.Qf5 Rxe7 43.Rxe7  1-0

[Event "41st Rubinstein Mem Open A"]
[Site "Polanica Zdroj POL"]
[Date "2005.08.19"]
[Round "1"]
[White "Lada,I"]
[Black "Zawadzki,S"]
[Result "0-1"]
[WhiteElo "2189"]
[BlackElo "2396"]

1.c4 c6 2.Nf3 d5 3.e3 Nf6 4.Nc3 e6 5.d4 Nbd7 6.Bd3 Bd6 7.cxd5 exd5 8.Qc2 Qe7
9.Bd2 O-O 10.O-O-O Re8 11.h4 h6 12.Rdg1 Ne4 13.Bxe4 dxe4 14.Ne1 Nf6 15.f3 Bg3
16.Rf1 Bf5 17.fxe4 Bxe4 18.Nxe4 Nxe4 19.Rf3 Bxh4 20.Nd3 Nxd2 21.Qxd2 Bg5
22.Rhh3 Rad8 23.Qc3 Qe4 24.Rhg3 Qxd4  0-1

[Event "41st Rubinstein Mem Open A"]
[Site "Polanica Zdroj POL"]
[Date "2005.08.19"]
[Round "1"]
[White "Kepeschuk,M"]
[Black "Majcher,M"]
[Result "1-0"]
[WhiteElo "2261"]
[BlackElo "2107"]

1.d4 d5 2.Nf3 Nf6 3.c4 c6 4.Nc3 e6 5.e3 Nbd7 6.Bd3 dxc4 7.Bxc4 b5 8.Be2 Bb7
9.O-O a6 10.a4 Be7 11.Nd2 b4 12.Nce4 c5 13.Bf3 Nd5 14.Nc4 Qc7 15.b3 O-O 16.Bb2 Rfd8
17.Rc1 f5 18.Ned2 Bf6 19.Qc2 Rac8 20.e4 Nc3 21.e5 Be7 22.Bxc3 bxc3 23.Qxc3 cxd4
24.Qxd4 Nc5 25.Nd6 Bxd6 26.exd6 Rxd6 27.Qe3 Qd7 28.Nc4 f4 29.Qe5 Rd4 30.Nb6 Qd8
31.Bxb7  1-0

[Event "Ada Open"]
[Site "Belgrade SCG"]
[Date "2005.08.20"]
[Round "6"]
[White "Damjanovic,D"]
[Black "Cvetkovic,N"]
[Result "1-0"]
[WhiteElo "2278"]
[BlackElo "2163"]

1.d4 d5 2.c4 e6 3.Nc3 Nf6 4.Nf3 c6 5.e3 Nbd7 6.Bd3 Bd6 7.O-O O-O 8.e4 Nxe4
9.Nxe4 dxe4 10.Bxe4 Nf6 11.Bc2 h6 12.b3 Qa5 13.Bb2 Ba3 14.Bxa3 Qxa3 15.Qd3 Rd8
16.Qc3 b6 17.Rfe1 c5 18.dxc5 Qxc5 19.Re5 Qc7 20.Re3 Bb7 21.Ne5 Rac8 22.Rg3 Be4
23.Ng4 Nxg4 24.Bxe4 Qf4 25.Bf3 Ne5 26.Re1 f6 27.Be2 b5 28.Re3 bxc4 29.g3 Qd4
30.Qxd4 Rxd4 31.Rc1 Kf7 32.f4 Nd3 33.Rxd3 cxd3 34.Rxc8 dxe2 35.Rc7+ Kg6 36.Kf2 Re4
37.Ke1 a5 38.Rc2 Kf5 39.Rxe2 Rb4 40.Kd2 e5 41.fxe5 fxe5 42.Rf2+ Ke4 43.Rf7 g5
44.Rf6 h5 45.Rh6 Kf3 46.Rxh5 Rg4 47.Rh8 e4 48.Ra8 Kf2 49.Rxa5 e3+ 50.Kd3 e2
51.Rf5+ Rf4 52.Re5 e1=Q 53.Rxe1 Rf3+ 54.Ke4 g4 55.Rc1 Kg2 56.Rc2+ Kh3 57.Re2 Rxb3
58.Re3 Rb2 59.a3 Rxh2 60.Rd3 Rg2 61.Kf4 Rf2+ 62.Ke4 Rg2 63.a4 Ra2 64.Rd4 Kxg3
65.Kf5 Kf3 66.Rxg4 Rh2 67.Rd4 Ra2 68.Rg4 Rh2 69.Rg5 Ke3 70.Ke5 Kd3 71.Kd6 Kc3
72.Rb5 Kc4 73.Kc6 Rh6+ 74.Kb7 Rh3 75.Rg5 Rh7+ 76.Kb6 Rh6+ 77.Ka5 Rh8 78.Rg6 Ra8+
79.Ra6 Rc8 80.Ra7 Rc6 81.Rg7 Rc8 82.Kb6 Rb8+ 83.Ka7 Rd8  1-0

[Event "ch-AUT Qualifier"]
[Site "Gmunden AUT"]
[Date "2005.08.20"]
[Round "8"]
[White "Buchinger,F"]
[Black "Kuran,W"]
[Result "1-0"]
[WhiteElo "2055"]
[BlackElo "1999"]

1.d4 d5 2.c4 c6 3.Nf3 Nf6 4.Nc3 e6 5.e3 Nbd7 6.Qc2 Bd6 7.Bd3 dxc4 8.Bxc4 O-O
9.O-O b5 10.Bd3 Re8 11.Ne4 Qc7 12.Nxd6 Qxd6 13.e4 e5 14.dxe5 Nxe5 15.Nxe5 Qxe5
16.Qxc6 Bd7 17.Qc2 Ng4 18.f4 Qd4+ 19.Kh1 Rac8 20.Qe2 Rc5 21.e5 Rc6 22.Be4 Rh6
23.h3 Rh4 24.Qe1 Rh6 25.Bd2 f5 26.Bf3 Nf6 27.Bc3 Qb6 28.Qd1 Ne4 29.Bxe4 fxe4
30.Qxd7 Rd8 31.Qg4 b4 32.Be1 Qc5 33.Bh4 Rd2 34.Rad1 e3 35.Bf6 Rg6 36.Qe6+ Kf8
37.Rxd2 exd2 38.Qd7 gxf6 39.Qxd2 a5 40.f5 Rg5 41.Qd8+ Kf7 42.Qxf6+ Ke8 43.e6 Qe7
44.Qh8+ Qf8 45.Qxh7 Rg7 46.Qh5+ Kd8 47.f6 Kc8 48.Rc1+ Rc7 49.Rxc7+ Kxc7 50.Qf7+ Kd6
51.Qxf8+ Kxe6 52.Qe7+ Kf5 53.f7 b3 54.f8=R+ Kg6 55.Rf6+ Kh5 56.Qh7+ Kg5 57.Qg7+ Kh5
58.Rh6+  1-0

[Event "Caissa IM August II"]
[Site "Kecskemet HUN"]
[Date "2005.08.20"]
[Round "1"]
[White "Kragelj,I"]
[Black "Bjerring,K"]
[Result "1/2-1/2"]
[WhiteElo "2230"]
[BlackElo "2309"]

1.d4 Nf6 2.c4 c6 3.Nc3 d5 4.Nf3 e6 5.e3 Nbd7 6.Qc2 a6 7.b3 b5 8.Bd3 Bb7 9.c5 b4
10.Na4 a5 11.O-O Qb8 12.e4 dxe4 13.Bxe4 g6 14.Bd3 Bg7 15.Bb2 O-O 16.a3 Nd5
17.Rfe1 bxa3 18.Rxa3 Nb4 19.Qe2 Nxd3 20.Qxd3 Rd8 21.Qc2 Ba6 22.h3 Nf6  1/2-1/2

[Event "Independence Cup A"]
[Site "Kiev UKR"]
[Date "2005.08.20"]
[Round "9"]
[White "Kruppa,Y"]
[Black "Shalimov,V UKR"]
[Result "1/2-1/2"]
[WhiteElo "2525"]
[BlackElo "2426"]

1.d4 d5 2.c4 c6 3.Nc3 Nf6 4.e3 e6 5.Nf3 Nbd7 6.Qc2 Bd6 7.b3 O-O 8.Be2 Qe7
9.O-O Re8 10.Bb2 dxc4 11.Bxc4 h6 12.Ne2 c5 13.dxc5 Nxc5 14.Rad1 a6  1/2-1/2

[Event "2nd Dato' Arthur Tan Malaysian Open"]
[Site "Kuala Lumpur MAS"]
[Date "2005.08.20"]
[Round "1"]
[White "Nguyen Anh Dung"]
[Black "Shen Siyuan"]
[Result "1-0"]
[WhiteElo "2555"]
[BlackElo "2232"]

1.d4 d5 2.c4 e6 3.Nc3 c6 4.e3 Nf6 5.Nf3 Nbd7 6.b3 Bb4 7.Bd2 Qe7 8.Bd3 e5
9.Bc2 dxc4 10.bxc4 exd4 11.Nxd4 Ne5 12.Qe2 Be6 13.Bb3 Bg4 14.f3 Bxc3 15.Bxc3 Ne4
16.fxg4 Qh4+ 17.g3 Nxg3 18.hxg3 Qxh1+ 19.Kd2 Qe4 20.Bc2 Qxg4 21.Qxg4 Nxg4
22.Rb1 Ne5 23.Rxb7 Nxc4+ 24.Ke2 O-O 25.Nxc6 Rfe8 26.Bd4 Nd6 27.Rxa7 Nb5 28.Rxa8 Nxd4+
29.Nxd4 Rxa8 30.a4 h5 31.Nc6 Ra6 32.Ne5 g6 33.Nc4 Kf8 34.a5 f5 35.Kd3 Ke7
36.Kd4 Kf6 37.Bd1 Ra8 38.Bf3 Rd8+ 39.Kc3 g5 40.a6 f4 41.exf4 gxf4 42.gxf4 Kf5
43.a7 Kxf4 44.Bb7 h4 45.Nb6 Ke3 46.Nc8 Rd3+ 47.Kb4 Rd4+ 48.Kb5  1-0

[Event "2nd Dato' Arthur Tan Malaysian Open"]
[Site "Kuala Lumpur MAS"]
[Date "2005.08.20"]
[Round "1"]
[White "Juswanto,D"]
[Black "Anas,N"]
[Result "1-0"]
[WhiteElo "2509"]
[BlackElo "2150"]

1.Nf3 Nf6 2.c4 e6 3.d4 d5 4.Nc3 c6 5.e3 Bd6 6.Bd3 Nbd7 7.O-O O-O 8.e4 dxe4
9.Nxe4 Nxe4 10.Bxe4 h6 11.Re1 e5 12.Bc2 exd4 13.Qxd4 Nf6 14.Bxh6 Bxh2+ 15.Kxh2 Ng4+
16.Kg1 Qxd4 17.Nxd4 Nxh6 18.c5 Rd8 19.Rad1 Kf8 20.f3 Bd7 21.Kf2 Rac8 22.g4 b6
23.b4 g6 24.Bb3 bxc5 25.bxc5 Be8 26.Ne2 Rxd1 27.Rxd1 Ke7 28.Ng3 Ng8 29.g5 Rd8
30.Rxd8 Kxd8 31.Ne4 Ke7 32.Nd6 Kf8 33.Ke3 Ne7 34.Ke4 a5 35.Ke5 Ng8 36.Nxe8 Kxe8
37.Kd6 Ne7 38.f4 Nf5+ 39.Kxc6 Nd4+ 40.Kb7  1-0

[Event "2nd Dato' Arthur Tan Malaysian Open"]
[Site "Kuala Lumpur MAS"]
[Date "2005.08.20"]
[Round "2"]
[White "Kunte,A"]
[Black "Handoko,E"]
[Result "1/2-1/2"]
[WhiteElo "2561"]
[BlackElo "2407"]

1.d4 d5 2.c4 c6 3.Nc3 Nf6 4.e3 e6 5.Nf3 Nbd7 6.Bd3 Bd6 7.e4 dxe4 8.Nxe4 Nxe4
9.Bxe4 e5 10.c5 Be7 11.dxe5 Nxc5 12.Qc2 Nxe4 13.Qxe4 Qa5+ 14.Bd2  1/2-1/2

[Event "Rudenko mem"]
[Site "St Petersburg RUS"]
[Date "2005.08.20"]
[Round "1"]
[White "Yugina,M"]
[Black "Molchanova,T"]
[Result "1/2-1/2"]
[WhiteElo "2023"]
[BlackElo "2292"]

1.d4 d5 2.Nf3 Nf6 3.c4 c6 4.Nc3 e6 5.e3 Nbd7 6.Qc2 Be7 7.g4 dxc4 8.Bxc4 Nb6
9.Bd3 Nbd5 10.a3 Qa5 11.g5 Nd7 12.h4 Nb4 13.Qb1 Nxd3+ 14.Qxd3 b5 15.Bd2 b4
16.Na2 Rb8 17.axb4 Bxb4 18.Bxb4 Rxb4 19.Qc3 Ra4 20.Qxa5 Rxa5 21.O-O h6 22.e4 hxg5
23.hxg5 Rb5 24.b4 e5 25.Rfd1 exd4 26.Rxd4 c5 27.bxc5 Nxc5 28.Nc3 Rb8 29.Rc4 Ne6
30.Nd5 a6 31.Nc7+ Nxc7 32.Rxc7 O-O 33.Ne5 Rb5 34.Re7 Be6 35.Nf3 Ra8 36.Kh2 a5
37.Nd4 Rxg5 38.Nxe6 fxe6 39.Ra3 Rf8 40.Rxe6 Rxf2+ 41.Kh3 Rf1 42.Kh2 Rfg1
43.e5 R1g4 44.Kh3 a4 45.Ra6 Re4 46.R6xa4 Rexe5 47.Rf4 Kh7 48.Rh4+ Kg6 49.Rf4 Re6
50.Rb3 Rf6 51.Rg4 Rxg4 52.Kxg4 Rc6 53.Rb4 Kh6 54.Kh4 Rc1 55.Kg4 Rg1+ 56.Kh3 g5
57.Rb8 Ra1 58.Rh8+ Kg7 59.Rb8 Ra4 60.Rb6 Rf4 61.Kg3  1/2-1/2

[Event "2nd Dato' Arthur Tan Malaysian Open"]
[Site "Kuala Lumpur MAS"]
[Date "2005.08.21"]
[Round "4"]
[White "Kunte,A"]
[Black "Lim Yee Weng"]
[Result "1-0"]
[WhiteElo "2561"]
[BlackElo "2348"]

1.d4 d5 2.c4 c6 3.Nc3 Nf6 4.e3 e6 5.Nf3 Nbd7 6.Bd3 dxc4 7.Bxc4 b5 8.Bd3 a6
9.e4 c5 10.e5 cxd4 11.Nxb5 Nxe5 12.Nxe5 axb5 13.Bxb5+ Bd7 14.Nxd7 Qa5+ 15.Bd2 Qxb5
16.Nxf8 Rxf8 17.a4 Qc4 18.b3 Qd3 19.Qe2 Qe4 20.f3 Qxe2+ 21.Kxe2 Kd7 22.Rhc1 Nd5
23.b4 Rfc8 24.Rxc8 Rxc8 25.Kd3 e5 26.b5 Rc5 27.Ra3 Kc7 28.Rb3 Kb7 29.g4 f6
30.h4 g6 31.h5 f5 32.gxf5 gxf5 33.f4 Nc3 34.fxe5 Nxa4 35.Kxd4 Rc2 36.Bb4 Nb6
37.e6 Re2 38.Rc3 Re3 39.Kxe3 Nd5+ 40.Kd4 Nc7 41.e7 Kb6 42.Bd6 Ne8 43.Kd5 Kxb5
44.Ke6 Kb6 45.Bc5+  1-0

[Event "ch-ISL"]
[Site "Reykjavik ISL"]
[Date "2005.08.21"]
[Round "11"]
[White "Thorfinnsson,Bj"]
[Black "Sigfusson,S"]
[Result "1/2-1/2"]
[WhiteElo "2328"]
[BlackElo "2344"]

1.d4 d5 2.c4 c6 3.Nf3 Nf6 4.Nc3 e6 5.e3 Nbd7 6.Qc2 Bd6 7.g4 Bb4 8.Bd2 Qe7
9.Rg1 Bxc3 10.Bxc3 Ne4 11.Bd3 Nxc3 12.Qxc3 dxc4 13.Bxc4 b6 14.O-O-O Bb7 15.Ne5 Rd8
16.f4 O-O 17.f5 b5 18.Bb3 b4 19.Qc4 Nxe5 20.dxe5 Rd5 21.Qf4 Qc5+ 22.Bc2 Rxe5
23.Rd4 Ba6 24.Rg3 Rd5 25.f6 Bd3  1/2-1/2

[Event "Masters"]
[Site "Abu Dhabi UAE"]
[Date "2005.08.22"]
[Round "8"]
[White "Al Sayed,Mohamad"]
[Black "Dobrov,V"]
[Result "1/2-1/2"]
[WhiteElo "2478"]
[BlackElo "2535"]

1.d4 d5 2.c4 c6 3.Nc3 Nf6 4.e3 e6 5.Nf3 Nbd7 6.Qc2 Bd6 7.g4 b5 8.cxd5 exd5
9.g5 Ng8 10.Bd3 Ne7 11.h4 Nb6 12.a4 Bg4 13.Ne5 Bxe5 14.dxe5 b4 15.Ne2 Nd7
16.f4 Qa5 17.Nd4 c5 18.Nb5 g6 19.Nd6+ Kf8 20.O-O h6 21.Qg2 Be6 22.e4 c4 23.Be3 cxd3
24.f5 Nxe5 25.fxe6 Rh7 26.Bd4 N7c6 27.Qg3 dxe4 28.Nxf7 Rxf7 29.Rxf7+ Nxf7
30.Rf1 Qd5 31.Rxf7+ Ke8 32.Qc7 Qxe6 33.Rh7 Qg4+ 34.Kf1  1/2-1/2

[Event "XVI ch-NATO"]
[Site "Kolobrzeg POL"]
[Date "2005.08.22"]
[Round "2"]
[White "Schenk,An"]
[Black "Tommasini,E"]
[Result "1-0"]
[WhiteElo "2497"]
[BlackElo "2147"]

1.d4 d5 2.c4 c6 3.Nf3 Nf6 4.Nc3 e6 5.e3 Nbd7 6.Bd3 Bd6 7.e4 dxe4 8.Nxe4 Nxe4
9.Bxe4 Nf6 10.Bc2 c5 11.O-O O-O 12.Bg5 h6 13.Bh4 b6 14.Qd3 Re8 15.Ba4 Re7
16.Rad1 Qf8 17.Bc2 g5 18.Bg3 Rd7 19.Ne5 Rd8 20.Qf3  1-0

[Event "2nd Dato' Arthur Tan Malaysian Open"]
[Site "Kuala Lumpur MAS"]
[Date "2005.08.22"]
[Round "5"]
[White "Sales,J"]
[Black "Anas,N"]
[Result "1-0"]
[WhiteElo "2340"]
[BlackElo "2150"]

1.Nf3 Nf6 2.c4 e6 3.Nc3 d5 4.d4 c6 5.e3 Bd6 6.Qc2 Nbd7 7.Be2 O-O 8.O-O Qe7
9.h3 dxc4 10.Bxc4 e5 11.e4 h6 12.Nh4 Nb6 13.Ng6 Qc7 14.dxe5 Bxe5 15.Nxe5 Qxe5
16.Bd3 Be6 17.Ne2 Rad8 18.f4 Qd6 19.Rf3 Bc4 20.Bxc4 Qc5+ 21.Kh2 Qxc4 22.Nc3 Rfe8
23.b3 Qc5 24.Be3 Qh5 25.Kh1 Rd7 26.Raf1 Rde7 27.e5 Nfd5 28.Bc5 Re6 29.Ne4 Nc8
30.Bd4 Qh4 31.Nc5 R6e7 32.Kh2 Rc7 33.Rg3 Nce7 34.e6 f6 35.Rg4 Qh5 36.f5 Rd8
37.Qf2 b6 38.Ne4 Kh7 39.Bb2 c5 40.Rh4 Qe8 41.Qg3 Rb7 42.Rg4 Qf8 43.Rf3 Nc8
44.Qh4 Nd6 45.Ng3 Ne7 46.Bc1 Nc6 47.Bb2 Ne7 48.Rff4 Nd5 49.Rf3 Ne7 50.Rf2 Nd5
51.Nh5 Ne8 52.Bc1 Qd6+ 53.g3 Qe5 54.Bd2 Ne3 55.Bxe3 Qxe3 56.Rgf4 Rd2 57.Kg2 Rb8
58.Qg4 Rbd8 59.Qg6+ Kh8 60.h4 Qe1 61.Rf3 Rxf2+ 62.Rxf2 Qe4+ 63.Kh2 Qe1 64.Rg2 Qe4
65.Kh3 Qe1 66.Kh2 Qe4 67.g4 Qe5+ 68.Ng3 Nd6 69.Re2 Qf4 70.Kh3 Ne8 71.e7 Rc8
72.Qf7 c4 73.Re4 Qb8 74.Qf8+ Kh7 75.Rxc4 Nc7 76.Qf7 Ne8 77.g5 fxg5 78.hxg5 hxg5
79.Ne4 Qf4 80.Qh5+  1-0

[Event "41st Rubinstein Mem Open A"]
[Site "Polanica Zdroj POL"]
[Date "2005.08.22"]
[Round "4"]
[White "Gajewski,G"]
[Black "Czarnota,P"]
[Result "1/2-1/2"]
[WhiteElo "2396"]
[BlackElo "2461"]

1.d4 d5 2.c4 c6 3.Nc3 Nf6 4.e3 e6 5.Nf3 Nbd7 6.Qc2 Bd6 7.g4 dxc4 8.Bxc4 e5
9.Bd2 exd4 10.Nxd4 Nb6 11.Be2 O-O 12.O-O-O Qc7 13.Nf5  1/2-1/2

[Event "Rudenko mem"]
[Site "St Petersburg RUS"]
[Date "2005.08.22"]
[Round "3"]
[White "Lupik,M"]
[Black "Shaidullina,S"]
[Result "0-1"]
[WhiteElo "2200"]
[BlackElo "2331"]

1.d4 d5 2.c4 c6 3.Nc3 Nf6 4.Nf3 e6 5.e3 Nbd7 6.Bd3 Bd6 7.e4 dxe4 8.Nxe4 Nxe4
9.Bxe4 h6 10.O-O O-O 11.Bc2 e5 12.Qd3 f5 13.c5 Bc7 14.Qc4+ Kh8 15.Re1 e4
16.Nd2 Nf6 17.f3 b5 18.cxb6 Bxb6 19.Qxc6 Bxd4+ 20.Kh1 Rb8 21.fxe4 Bb7 22.Qe6 Ng4
23.Nf3 Nf2+ 24.Kg1 Nd3+ 25.Nxd4 Nxe1 26.Be3 Nxc2 27.Nxc2 Bxe4 28.Bd4 Qg5
29.Ne1 Rbe8 30.Qb3 f4 31.Nf3 Bxf3 32.Qxf3 Qa5 33.Bc3 Qb6+ 34.Kh1 Rf7 35.Rd1 Kg8
36.h3 Qe6 37.Qf1 Qe2 38.Qxe2 Rxe2 39.Rd8+ Kh7 40.Rd3 Re3 41.Rd2 f3 42.gxf3 Rexf3
43.Kg2 g5 44.Bd4 Kg6 45.Bxa7 R3f5 46.Be3 Re7 47.Bf2 Re4 48.Kg3 Kh5 49.a3 g4
50.h4 Rc4 51.Kg2 Rc1 52.b4 Ra1 53.Rb2 Rxa3 54.b5 Rff3 55.Rd2 Rxf2+ 56.Kxf2 Rb3
57.Rd5+ Kxh4 58.Rd6 h5 59.b6 Kh3 60.Re6 g3+ 61.Ke2 g2 62.Rg6 Rxb6  0-1

[Event "25th Open"]
[Site "Bratto ITA"]
[Date "2005.08.23"]
[Round "4"]
[White "Drasko,M"]
[Black "Borgo,G"]
[Result "1-0"]
[WhiteElo "2516"]
[BlackElo "2380"]

1.d4 d5 2.c4 e6 3.Nc3 c6 4.e3 Nf6 5.Nf3 Nbd7 6.Qc2 b6 7.b3 Bb7 8.Be2 Bd6
9.O-O O-O 10.Rd1 Qe7 11.Bb2 Rad8 12.Rac1 Rfe8 13.g3 dxc4 14.bxc4 e5 15.d5 Ba3
16.dxc6 Bxc6 17.Nd5 Qc5 18.Nxf6+ Nxf6 19.Rxd8 Rxd8 20.Nxe5 Ba4 21.Bxa3 Qxa3
22.Qc3 Qxa2 23.Bd3 Qb3 24.Qa1 Be8 25.Rb1 Qa4 26.Qxa4 Bxa4 27.Ra1 Nd7 28.Nxd7 Bxd7
29.Rxa7 Bc6 30.Be2 Kf8 31.Ra6 Ra8 32.Rxa8+ Bxa8 33.Bd3 Ke7 34.f4 h6 35.e4 Kd6
36.Kf2 Kc5 37.Ke3 g5 38.fxg5 hxg5 39.h4 f6  1-0

[Event "2nd Dato' Arthur Tan Malaysian Open"]
[Site "Kuala Lumpur MAS"]
[Date "2005.08.23"]
[Round "7"]
[White "Sales,J"]
[Black "Shen Siyuan"]
[Result "1-0"]
[WhiteElo "2340"]
[BlackElo "2232"]

1.Nf3 d5 2.d4 Nf6 3.c4 c6 4.Nc3 e6 5.e3 Nbd7 6.Qc2 Bd6 7.g4 h6 8.Rg1 Qe7
9.h4 dxc4 10.Bxc4 Nd5 11.a3 Nxc3 12.bxc3 b6 13.Be2 Bb7 14.a4 c5 15.g5 hxg5
16.hxg5 e5 17.g6 f6 18.Qf5 exd4 19.cxd4 Be4 20.Qg4 cxd4 21.Nxd4 Bb4+ 22.Kf1 Bc3
23.Ba3 Qe5 24.Rc1 f5 25.Qg5 Ba5 26.f3  1-0

[Event "41st Rubinstein Mem Open A"]
[Site "Polanica Zdroj POL"]
[Date "2005.08.23"]
[Round "5"]
[White "Kveinys,A"]
[Black "Gajewski,G"]
[Result "1/2-1/2"]
[WhiteElo "2510"]
[BlackElo "2396"]

1.d4 d5 2.c4 c6 3.Nc3 Nf6 4.e3 e6 5.Nf3 Nbd7 6.Bd3 Bd6 7.O-O O-O 8.e4 dxc4
9.Bxc4 e5 10.Re1 Qe7 11.h3 exd4 12.Nxd4 Ne5 13.Bf1 Bc5 14.Nb3 Bb6 15.Be3 Bxe3
16.Rxe3 Ng6 17.Qc2 Rd8  1/2-1/2